| 000 | 00956nam a2200349 a 4500 | ||
|---|---|---|---|
| 003 | AR-BaBNM | ||
| 005 | 20251128205855.0 | ||
| 008 | 082120s2002 ||||||||||||||000 | spa|| | ||
| 020 | _a84-277-1145-X | ||
| 040 | _cAR-BaBNM | ||
| 100 | 1 | _aSantos Mütschele, Marly | |
| 245 | 0 | 0 |
_aTalleres pedagógicos _barte y magia de las manualidades infantiles |
| 260 |
_aMadrid _bNarcea _c1996 |
||
| 300 |
_a176 p. _bil. |
||
| 490 | 0 | _aPrimeros años | |
| 504 | _aBibliografía: p. 175-176 | ||
| 600 | 1 | 4 | _aVigotsky, Liev Semionovich |
| 610 | 2 | 4 | _aProyecto Talleres [Sao Paulo] |
| 650 | 4 | _aTALLERES [METODO PEDAGOGICO] | |
| 650 | 4 | _aEDUCACION ARTISTICA | |
| 650 | 4 | _aARTE | |
| 650 | 4 | _aARTESANIAS | |
| 650 | 4 | _aMATERIALES | |
| 651 | 4 | _aBrasil | |
| 653 | _aEDUCACION INICIAL | ||
| 653 | _aEDUCACION INICIAL | ||
| 653 | _aMANUALIDADES | ||
| 700 | 1 | _aGonsales, José | |
| 700 | 1 |
_aGarcía, José _etraductor |
|
| 942 | _cBK | ||
| 998 | _carturo | ||
| 999 |
_c13108 _d13108 |
||